000 00299nam a2200121Ia 4500
008 191201s2005 xx 000 0 und d
100 _aPARSON, Jayne Ed.
245 0 _aIllustrated Family Encyclopedia
260 _aN.Delhi
_bD.K.
_c2005
300 _a1013
650 _aGeneral Books
942 _2ddc
_cBK
999 _c3317
_d3317